[Event "Frankfurt-chB"]
[Site "Frankfurt"]
[Date "2015.06.08"]
[Round "6"]
[White "Wenge, Hardy"]
[Black "Neagu, Liviu1"]
[Result "1-0"]
[WhiteElo "1127"]
[BlackElo "2087"]
[PlyCount "84"]
[EventDate "2015.04.27"]
[EventType "swiss"]
[EventRounds "7"]
[EventCountry "GER"]
[SourceTitle "EXT 2016"]
[Source "ChessBase"]
[SourceDate "2015.10.08"]
[SourceVersion "1"]
[SourceVersionDate "2015.10.08"]
[SourceQuality "1"]

1. d4 Nf6 2. Nf3 d5 3. Bf4 e6 4. e3 c5 5. c4 Nc6 6. a3 Bd6 7. Bxd6 Qxd6 8. Nc3 0-0 9. dxc5 Qxc5 10. b4 Qe7 11. c5 Rd8 12. Nd4 a6 13. Nxc6 bxc6 14. Be2 e5 15. 0-0 a5 16. Na4 Ne4 17. f3 Nf6 18. Nb6 Rb8 19. Rc1 axb4 20. axb4 Nd7 21. Nxd7 Rxd7 22. Qd2 Ra7 23. Ra1 Rab7 24. Rfb1 Bf5 25. Rb2 Qg5 26. Ra6 Bd7 27. g3 d4 28. f4 exf4 29. exf4 Qd5 30. Ra3 Rd8 31. Bf3 Qf5 32. Qxd4 Re8 33. Re3 Rxe3 34. Qxe3 Qf6 35. Rd2 Be6 36. Rd6 Rxb4 37. Qa3 Rb1+ 38. Kf2 Rb2+ 39. Be2 g6 40. Qa8+ Kg7 41. Ke3 Qc3+ 42. Rd3 Bf5 1-0